000 00694nam a2200241 i 4500
001 5430
003 ES-MaACL
005 20230906144558.0
007 t|
008 880615s1987 sp ||||1| spa d
020 _a84-206-2486-1
080 _a9.01
100 1 _aLozano, Jorge.
_974420
245 1 0 _aEl discurso histórico /
_cJorge Lozano.
260 _aMadrid :
_bAlianza,
_cD.L.1987.
300 _a223 p. ;
_c20 cm.
490 1 _aAlianza universidad ;
_v486. Historia
504 _aBibliografia.
650 4 _aHistoria-
_xFilosofía.
_913380
830 0 _aAlianza universidad ;
_v486. Historia
_9177276
852 _aES-MaACL
_jL-12102
_bR.114501
_z. - Rust.
999 _c5430
_d5430